[Event "Vignola op 5th"]
[Site "Vignola"]
[Date "2006.11.26"]
[Round "5"]
[White "Rossi, Aldo Bruno"]
[Black "Lenti, Cosimo"]
[Result "1/2-1/2"]
[WhiteElo "1601"]
[BlackElo "1460"]
[PlyCount "84"]
[EventDate "2006.11.24"]
[EventType "swiss"]
[EventRounds "5"]
[EventCountry "ITA"]
[SourceTitle "EXT 2011"]
[Source "ChessBase"]
[SourceDate "2010.11.26"]
[SourceVersion "1"]
[SourceVersionDate "2010.11.26"]
[SourceQuality "1"]

1. e4 e5 2. Nf3 Nf6 3. d4 Nxe4 4. Qe2 d5 5. Nxe5 Bd6 6. Nd2 0-0 7. Nxe4 dxe4 8. Be3 Nd7 9. Nc4 Nb6 10. c3 Be6 11. Nxd6 Qxd6 12. Qc2 f5 13. g3 Nd5 14. 0-0-0 Nxe3 15. fxe3 Qb6 16. b3 Rac8 17. c4 c6 18. c5 Qb4 19. Kb2 Qa5 20. Qc3 Qd8 21. Bc4 Bd5 22. Rhf1 b5 23. Bxd5+ cxd5 24. b4 Rc6 25. Ra1 Rh6 26. Rf2 Rc6 27. a4 a6 28. axb5 axb5 29. Ra5 Qb8 30. Qb3 Qd8 31. Rxb5 Kh8 32. Ra5 Rc8 33. Qa2 Qg5 34. Re2 Qg4 35. Kc3 Qf3 36. b5 Qh5 37. b6 Qf7 38. Ra7 Qe6 39. Rb2 Qh6 40. Re2 Qxb6 41. Kd2 Qb4+ 42. Kd1 Qc3 1/2-1/2